|
|
|
|
| LEADER |
00000nam a2200000 a 4500 |
| 001 |
vtls008692066 |
| 003 |
SK-MaSNL |
| 005 |
20260301144212.0 |
| 008 |
240315s2005 xo f d 001 0 slo |
| 015 |
|
|
|a SNBA2006/05-02832
|
| 020 |
|
|
|a 8088997283
|q (brož.)
|
| 035 |
|
|
|a 7B8470B1-2D0E-44CC-93C5-4ABCDAAE77B4
|
| 035 |
|
|
|a urn:nbn:sk:snk-aml2vo
|
| 035 |
|
|
|a urn:nbn:sk:snk-am008ljr
|
| 040 |
|
|
|a SNK
|b slo
|c SNK
|e AACR2
|
| 041 |
0 |
|
|a slo
|
| 044 |
|
|
|a xo
|c SK
|
| 072 |
|
7 |
|a 39
|x Etnológia. Etnografia. Folklór
|2 konspekt
|
| 080 |
|
|
|a 39
|2 2001
|
| 080 |
|
|
|a (038)
|2 2001
|
| 080 |
|
|
|a 321
|2 2001
|
| 100 |
1 |
|
|a Benža, Mojmír,
|d 1941-
|4 aut
|9 190566
|
| 245 |
1 |
0 |
|a Malý etnopolitický slovník
|c Mojmír Benža
|
| 250 |
|
|
|a [1. vyd.]
|
| 260 |
|
|
|a Bratislava
|b Zing Print
|c 2005
|
| 300 |
|
|
|a 44 s.
|c 21 cm
|
| 504 |
|
|
|a Bibliogr. s. 37-39. Reg.
|
| 650 |
0 |
7 |
|a politológia
|2 SNKPH
|9 4684
|
| 650 |
0 |
7 |
|a etnológia
|2 SNKPH
|9 715
|
| 655 |
|
7 |
|a výkladové slovníky
|2 SNKPH
|9 69007
|
| 919 |
|
|
|a 80-88997-28-3
|
| 958 |
|
|
|a OND
|
| 999 |
|
|
|c 776342
|d 778272
|
| 952 |
|
|
|a SNK
|b SNK
|y PREZ
|7 0
|p 17A0506204
|o snkSC 123432
|i snk2006/7969
|8 0
|0 0
|1 0
|4 0
|d 2006-04-20
|f 1
|l 0
|r 2025-06-04 00:00:00
|w 2026-02-24
|
| 952 |
|
|
|a SNK
|b SNK
|y VYP
|7 0
|p 17A0506205
|o snkSC 123432 D1
|i snk2006/7970
|8 0
|0 0
|1 0
|4 0
|d 2006-04-20
|l 0
|r 2026-02-24 00:50:05
|w 2026-02-24
|